000 00736nam a2200217Ia 4500
005 20241129111405.0
008 241129s9999||||xx |||||||||||||| ||und||
020 _a978-93-5518-868-7
037 _aTB
040 _aCRL
_bhin
_cCRL
041 _ahin
_2hin
084 _aY15:g 152R3
_qCRL
100 _aमिश्र, अल्पना, ले.
245 0 _aस्त्री विमर्श का नया चेहरा
_cमिश्र, अल्पना, ले.
260 _aनई दिल्ली, भारत
_bवाणी प्रकाशन
_c2023
300 _a128पृ0
365 _aINR
_b300
650 _aSociologyFeminism
942 _cTB
_hY15:g 152R3
999 _c1230244
_d1230244